00648nam a2200241 a 4500001001300000003000900013005001700022008004100039020001000080082001500090100001700105245002400122260002300146300000800169500003500177505001300212650001900225700001700244902000800261942000700269952011500276999001500391nice12345678IN_TiNIC20260116011842.0050524s1965 lona grp 000 0 eng  ac10000a241.6bWOO aWood, Thomas aSome Moral Problems aLondonbSpckc1965 a99p aincludes index and biblioraphy2 aAppendix aTheology-Moral1 aWood, Thomas bSRS cBK 001040708StackRoom-aHMIbHMId2011-04-11g100.00l0o241.6 WOOp07444r2011-04-11v100.00w2005-05-24yBK c4455d4455